000 01295nmm a2200325 a 4500
001 ocm0001083716
003 TR-IsHL
005 20201028151603.0
008 150709s2014 tu tur
007 cr cn
020 _a9789758514441
035 _a1083716
_b(N$T)
050 0 4 _aBP166.2
_b.G86 2014
090 0 4 _aBP166.2
_b.G86 2014
100 1 _aGümüşhanevî, Mevlânâ Seyyid Ahmed Ziyâeddîn
245 1 0 _aEhl-i sünnet i'tikadı: (metin ve şerh) =
_bCamiu'l-mütun fi hakki envai's-sıfati'l-İlahiyye ve elfazi'l-Küfri ve tashihi'l-a'mali'l-Acabiyye
_h[electronic resource] /
_cMevlânâ Seyyid Ahmed Ziyâeddîn Gümüşhanevî ; Arapça'dan tercüme edenler Abdülkadir Kabakçı, Fuad Günel
250 _a7. baskı
260 _aİstanbul :
_bBedir Yayınları,
_c2014
300 _a306 p.
650 4 _aFelsefe, Psikoloji ve Din
650 4 _aPhilosophy, Psychology and Religion
650 0 _aGod (Islam)
_x Attributes
650 0 _aIslam
_x Doctrines
650 0 _aAllah (İslam)
_x Nitelikleri
650 0 _aİslam
_x Doktrinler
650 7 _aRELIGION / Islam / General
_2bisacsh
700 1 _aKabakçı, Abdülkadir
700 1 _aGünel, Fuad
856 4 0 _uhttp://search.ebscohost.com/login.aspx?direct=true&scope=site&db=e011xww&AN=1083716
999 _c11083
_d11083